000 00689nam a22001935i 4500
001 166224
003 ES-MaACL
005 20250410063056.0
008 020322s1909 sp |||| | spa d
040 _aNA
_bspa
_cNA
100 1 _aThebussem,
_cDoctor,
_d1828-1918
_9109885
245 1 0 _aNotas bibliográficas de Medina Sidonia
_b: articulos varios y jeroglíficos /
_cpor el Doctor Thebussem.
260 _aMadrid :
_b[s.n.],
_c1909 (
_f[sucesores de Rivadeneyra])
300 _aXII, 121 p. ;
_c23 cm.
596 1 _aImpresores tomados del final de texto.
651 4 _aMedina-Sidonia-
_xHistoria.
_9137256
852 _aES-MaACL
_jD-388
_z-- Rúst.
999 _c166224
_d166224